[Event "Balatonbereny Open"]
[Site "Balatonbereny HUN"]
[Date "1994.??.??"]
[Round "9"]
[White "Horvath, Gyula"]
[Black "Zsinka, Laszlo"]
[Result "1/2-1/2"]
[WhiteElo "2445"]
[BlackElo "2360"]
[PlyCount "48"]
[EventDate "1994.09.??"]
[Source "www.chesslib.no"]
[SourceDate "2004.05.04"]

1. e4 e5 2. Bc4 Nf6 3. d3 Nc6 4. Nc3 Bc5 5. f4 d6 6. Nf3 O-O 7. Na4 Bb6 8. Nxb6 axb6 9. fxe5 Nxe5 10. Nxe5 dxe5 11. Bg5 Qd6 12. Qe2 Bg4 13. Qd2 h6 14. Bxf6 Qxf6 15. Qf2 Qe7 16. O-O Be6 17. Bb3 Bxb3 18. axb3 Ra5 19. Rxa5 bxa5 20. Qd2 b6 21. Qc3 Qd6 22. Qc4 g6 23. Rf3 Kg7 24. Kf1 f6 1/2-1/2

[Event "Wch U20"]
[Site "Mamaia"]
[Date "1991.??.??"]
[Round "?"]
[White "Mitkov, Nikola"]
[Black "Mikhalevski, Victor"]
[Result "1-0"]
[WhiteElo "2490"]
[BlackElo "2300"]
[PlyCount "79"]
[EventDate "1991.08.??"]
[Source "ChessBase"]

1. e4 e5 2. Bc4 Nc6 3. Nc3 Nf6 4. d3 Bc5 5. f4 d6 6. Nf3 Bg4 7. Na4 Bb6 8. Nxb6 axb6 9. O-O Nd4 10. fxe5 dxe5 11. Bxf7+ Ke7 12. Bc4 b5 13. Bb3 Bxf3 14. Rxf3 Nxf3+ 15. Qxf3 c5 16. Be3 Qc7 17. Qg3 Ke8 18. c4 b4 19. d4 cxd4 20. Bxd4 Rd8 21. Bxe5 Qc5+ 22. Kh1 Nxe4 23. Ba4+ b5 24. Bxb5+ Qxb5 25. cxb5 Nxg3+ 26. Bxg3 Rd3 27. a4 bxa3 28. bxa3 Kd7 29. a4 Ra8 30. Kg1 Rb3 31. Rd1+ Ke6 32. Rd6+ Kf5 33. Rd4 Rc8 34. Bf4 Rc2 35. h3 Rbb2 36. g4+ Ke6 37. Rd6+ Kf7 38. Rd1 Rb4 39. Rf1 Rxa4 40. b6 1-0

[Event "Pinar del Rio"]
[Site "Pinar del Rio"]
[Date "1997.??.??"]
[Round "4"]
[White "Cabrera, Alexis"]
[Black "Valdes, Luis E"]
[Result "1/2-1/2"]
[WhiteElo "2395"]
[BlackElo "2380"]
[PlyCount "32"]
[EventDate "1997.??.??"]
[Source "www.chesslib.no"]
[SourceDate "2004.05.04"]

1. e4 e5 2. f4 Nc6 3. Nf3 f5 4. exf5 e4 5. Ne5 Nf6 6. Nc3 Bd6 7. Ng4 Nh5 8. Nxe4 Bxf4 9. Ngf2 Nf6 10. Qf3 Be5 11. c3 Nxe4 12. Nxe4 O-O 13. d4 d5 14. Ng5 Bf6 15. Qh5 Bxf5 16. Be2 Qd7 1/2-1/2

[Event "FRA-chT N2 2003/2004"]
[Site "FRA"]
[Date "2004.01.17"]
[Round "5.1"]
[White "Leconte, Jean Olivier"]
[Black "Berzinsh, Roland"]
[Result "1/2-1/2"]
[WhiteElo "2316"]
[BlackElo "2455"]
[PlyCount "67"]
[EventDate "2004.10.12"]
[Source "Roberto Alvarez"]
[SourceDate "2004.09.15"]

1. e4 e5 2. Nc3 Nf6 3. Bc4 Nc6 4. d3 Bc5 5. f4 d6 6. Nf3 Bg4 7. Na4 Bb6 8. Nxb6 axb6 9. h3 Bxf3 10. Qxf3 Nd4 11. Qf2 b5 12. Bb3 Nxb3 13. cxb3 O-O 14. O-O exf4 15. Bxf4 Nd7 16. Be3 Ne5 17. Qg3 Qd7 18. Bd4 f6 19. a3 Qe6 20. b4 Rad8 21. Rae1 c5 22. Bc3 Nc6 23. Qe3 cxb4 24. Bxb4 Nxb4 25. axb4 d5 26. e5 fxe5 27. Rxf8+ Rxf8 28. Qxe5 Qxe5 29. Rxe5 Rf4 30. Rxd5 Rxb4 31. Rd7 Rxb2 32. Rxb7 b4 33. d4 b3 34. d5 1/2-1/2

[Event "FRA-chT N2 2003/2004"]
[Site "FRA"]
[Date "2003.11.16"]
[Round "3.1"]
[White "Leconte, Jean Olivier"]
[Black "Okhotnik, Vladimir"]
[Result "1/2-1/2"]
[WhiteElo "2316"]
[BlackElo "2454"]
[PlyCount "88"]
[EventDate "2004.10.12"]
[Source "Roberto Alvarez"]
[SourceDate "2004.09.15"]

1. e4 e5 2. Nc3 Nc6 3. Bc4 Nf6 4. d3 Bc5 5. f4 d6 6. Nf3 a6 7. Nd5 h6 8. c3 Ba7 9. f5 Na5 10. Qa4+ c6 11. Nxf6+ gxf6 12. Bxf7+ Kxf7 13. b4 Qb6 14. Rf1 Qb5 15. Qc2 d5 16. bxa5 Qxa5 17. Bd2 Qc5 18. Nh4 Bd7 19. Ng6 Rh7 20. O-O-O Qa3+ 21. Kb1 d4 22. Rf3 dxc3 23. Bxc3 c5 24. Bb2 Qa4 25. Qe2 Ke8 26. Rg3 Rc8 27. Rc1 Bb5 28. Qh5 Kd7 29. Nxe5+ fxe5 30. f6 Kc7 31. Qxe5+ Kb6 32. f7 Bb8 33. Qe6+ Rc6 34. Qxc6+ bxc6 35. f8=Q Bxg3 36. Qxc5+ Kb7 37. hxg3 Bxd3+ 38. Ka1 Qxe4 39. Bd4 Rd7 40. Qa7+ Kc8 41. Qa8+ Kc7 42. Qa7+ Kd6 43. Qc5+ Kc7 44. Qa7+ Kc8 1/2-1/2

[Event "Eupen op"]
[Site "Eupen"]
[Date "1993.??.??"]
[Round "3"]
[White "Gallagher, Joseph G"]
[Black "Blumberg, V."]
[Result "1-0"]
[WhiteElo "2500"]
[BlackElo "2270"]
[PlyCount "49"]
[EventDate "1993.??.??"]
[Source "ChessBase"]

1. e4 e5 2. f4 Nh6 3. Nc3 d6 4. Nf3 exf4 5. d4 g5 6. h4 f6 7. Bc4 Bg4 8. Qd3 c6 9. g3 d5 10. exd5 b5 11. Bb3 b4 12. Ne2 Bf5 13. Qc4 Be4 14. dxc6 Bxf3 15. c7 Qc8 16. hxg5 Kd7 17. Bxf4 Bd6 18. cxb8=Q Qxb8 19. Qe6+ Kc6 20. Ba4+ Kb7 21. Bxd6 Qc8 22. Bd7 Qg8 23. Qe7 Qd8 24. Qg7 Qa5 25. Bb5+ 1-0

[Event "SUI GP Suhr"]
[Site "Suhr"]
[Date "1992.??.??"]
[Round "6"]
[White "Gallagher, Joseph G"]
[Black "Giertz, Niklaus"]
[Result "1-0"]
[WhiteElo "2510"]
[BlackElo "2255"]
[PlyCount "35"]
[EventDate "1992.??.??"]
[Source "ChessBase"]

1. e4 e5 2. Nc3 Nf6 3. Bc4 Nc6 4. d3 Bc5 5. f4 d6 6. Nf3 a6 7. Rf1 O-O 8. f5 h6 9. Nd5 Nd4 10. Nxd4 Bxd4 11. Nxf6+ Qxf6 12. Qh5 d5 13. Bxd5 Bc5 14. Rf3 Be7 15. Rg3 Qb6 16. Bxh6 Qg1+ 17. Ke2 Qxa1 18. Rxg7+ 1-0

[Event "NED Team Ch 9495"]
[Site "NED"]
[Date "1994.??.??"]
[Round "3"]
[White "Kuijf, Marinus N"]
[Black "Klip, Hans"]
[Result "1-0"]
[WhiteElo "2415"]
[BlackElo "2345"]
[PlyCount "71"]
[EventDate "1994.??.??"]
[Source "www.chesslib.no"]
[SourceDate "2004.05.04"]

1. e4 e5 2. Bc4 Nf6 3. d3 Nc6 4. Nc3 Bc5 5. f4 d6 6. Nf3 a6 7. a3 Nd4 8. f5 c6 9. Ba2 b5 10. Bg5 h6 11. Bh4 Qb6 12. Nd2 Qc7 13. Ncb1 g5 14. fxg6 Ng4 15. Bxf7+ Kf8 16. Nf1 h5 17. c3 Ne6 18. Qf3 Nf4 19. d4 Ba7 20. h3 d5 21. Nbd2 exd4 22. Kd1 Qe5 23. Bg3 dxe4 24. Qxe4 dxc3 25. bxc3 Bf5 26. Qxe5 Nxe5 27. Bxf4 Nd3 28. Ne3 Nf2+ 29. Ke2 Bxe3 30. Bxe3 Nxh1 31. Rxh1 Rd8 32. Bd4 Rh6 33. Rf1 c5 34. Bxc5+ Kg7 35. Bd4+ Rxd4 36. cxd4 1-0

[Event "Luxemburg Open 28th"]
[Site "Luxemburg"]
[Date "1989.??.??"]
[Round "2"]
[White "Monaville, Guy"]
[Black "Wahls, Matthias"]
[Result "1/2-1/2"]
[WhiteElo "2240"]
[BlackElo "2515"]
[PlyCount "59"]
[EventDate "1989.05.13"]
[Source "www.chesslib.no"]
[SourceDate "2004.05.04"]

1. e4 e5 2. f4 Nc6 3. Nf3 f5 4. exf5 e4 5. Ng5 Nf6 6. d3 Qe7 7. Be2 exd3 8. Qxd3 Nb4 9. Qb3 d5 10. a3 Nc6 11. Qd3 h6 12. Ne6 Bxe6 13. fxe6 Qxe6 14. b4 a5 15. b5 Ne7 16. Nd2 Nf5 17. Nb3 Ne4 18. Bb2 Be7 19. Nd4 Nxd4 20. Bxd4 O-O 21. O-O Bc5 22. Bxc5 Nxc5 23. Qd4 Ne4 24. c4 c6 25. bxc6 bxc6 26. cxd5 cxd5 27. Rac1 Rac8 28. Rxc8 Rxc8 29. Bg4 Qxg4 30. Qxd5+ 1/2-1/2

[Event "Cup2 corr"]
[Site "Argentina"]
[Date "1995.??.??"]
[Round "?"]
[White "Blasberg, Gabriel S"]
[Black "Rey Saravia, Fernando"]
[Result "1/2-1/2"]
[WhiteElo "2555"]
[BlackElo "2200"]
[PlyCount "48"]
[EventDate "1995.??.??"]
[Source "www.chesslib.no"]
[SourceDate "2004.05.04"]

1. e4 e5 2. Nc3 Nc6 3. Bc4 Nf6 4. d3 Bc5 5. f4 d6 6. Nf3 a6 7. f5 Na5 8. Qe2 Nxc4 9. dxc4 c6 10. Be3 Qb6 11. Bxc5 Qxc5 12. O-O-O b5 13. Nd2 O-O 14. g4 Ne8 15. h4 b4 16. Na4 Qa5 17. b3 c5 18. Kb1 Bd7 19. Nb2 Qc7 20. g5 a5 21. Nd3 a4 22. h5 axb3 23. cxb3 Bc6 24. Nf2 Ra6 1/2-1/2

[Event "Vados IM"]
[Site "Arad ROM"]
[Date "2007.09.27"]
[Round "8"]
[White "Manea, Al"]
[Black "Paschall, W."]
[Result "1/2-1/2"]
[WhiteElo "2398"]
[BlackElo "2353"]
[PlyCount "40"]
[EventDate "2007.09.20"]
[Source "www.chesslib.no"]
[SourceDate "2004.05.04"]

1. e4 e5 2. f4 Nc6 3. Nf3 exf4 4. h4 Nf6 5. d3 d5 6. e5 Nh5 7. d4 Bg4 8. Be2 Be7 9. c3 Ng3 10. Rh2 Nxe2 11. Qxe2 Bxf3 12. Qxf3 Bxh4+ 13. Kd1 Bg3 14. Rh1 Qd7 15. Bxf4 Bxf4 16. Qxf4 O-O-O 17. Nd2 f6 18. exf6 Rdf8 19. Kc2 Rxf6 20. Qh4 Qf5+ 1/2-1/2

[Event "Troll Masters"]
[Site "Gausdal NOR"]
[Date "1994.??.??"]
[Round "7"]
[White "King, Daniel J"]
[Black "Manouck, Thierry"]
[Result "1-0"]
[WhiteElo "2455"]
[BlackElo "2290"]
[PlyCount "51"]
[EventDate "1994.01.??"]
[Source "www.chesslib.no"]
[SourceDate "2004.05.04"]

1. e4 d6 2. f4 e5 3. Nf3 Nd7 4. Bc4 Nb6 5. Bb3 exf4 6. d4 a5 7. a4 Ne7 8. Bxf4 Ng6 9. Bg3 Be7 10. c3 O-O 11. Nbd2 c5 12. O-O d5 13. Kh1 Be6 14. e5 Rc8 15. Bc2 Nc4 16. Nxc4 dxc4 17. Qe2 Qb6 18. Be4 Rfd8 19. Rad1 cxd4 20. Nxd4 Bd5 21. Bxd5 Rxd5 22. Qf3 Rxd4 23. Qxf7+ Kh8 24. cxd4 Qxb2 25. Qe6 Rc7 26. d5 1-0

[Event "XI Festival"]
[Site "Voronezh RUS"]
[Date "2007.06.12"]
[Round "1"]
[White "Petrushin, A."]
[Black "Bezgodova, S."]
[Result "1-0"]
[WhiteElo "2492"]
[BlackElo "2251"]
[PlyCount "41"]
[EventDate "2007.06.12"]
[Source "www.chesslib.no"]
[SourceDate "2004.05.04"]

1. e4 e5 2. Nc3 Nf6 3. Bc4 Nc6 4. d3 Bc5 5. f4 d6 6. Nf3 a6 7. f5 h6 8. Nd5 Nd4 9. c3 Nxf3+ 10. Qxf3 Nxd5 11. Bxd5 c6 12. Bb3 Bd7 13. Qh5 Qf6 14. Rf1 Ke7 15. h4 Raf8 16. Rf3 g6 17. fxg6 fxg6 18. Qxh6 Qxf3 19. Bg5+ Rf6 20. Qg7+ Ke8 21. gxf3 1-0

[Event "Dhaka"]
[Site "Dhaka"]
[Date "1995.??.??"]
[Round "13"]
[White "Rahman, Zillur"]
[Black "Lodhi, Mahmood"]
[Result "0-1"]
[WhiteElo "2320"]
[BlackElo "2420"]
[PlyCount "73"]
[EventDate "1995.??.??"]
[Source "ChessBase"]

1. e4 e5 2. Nc3 Bc5 3. Bc4 Nc6 4. d3 Nf6 5. f4 d6 6. Nf3 Bg4 7. Na4 Bxf3 8. Qxf3 Nd4 9. Qd1 b5 10. Bxf7+ Kxf7 11. Nxc5 dxc5 12. fxe5 Nd7 13. c3 Ne6 14. O-O+ Kg8 15. d4 cxd4 16. cxd4 Nxe5 17. dxe5 Qxd1 18. Rxd1 Kf7 19. Be3 Rhd8 20. Rd5 a6 21. Rc1 Ke7 22. Rc6 Rd7 23. Kf2 h6 24. Ke2 h5 25. h4 Rad8 26. Rxd7+ Kxd7 27. Rxa6 Rf8 28. g3 Rb8 29. b4 Rg8 30. Ra5 Rb8 31. Ra3 Rf8 32. Rd3+ Kc6 33. Ra3 Rg8 34. Ra5 Rb8 35. Ra6+ Kd7 36. Bc5 Rd8 37. Ke3 0-1

[Event "US10 CCC corr"]
[Site "US10 CCC corr"]
[Date "1993.??.??"]
[Round "?"]
[White "Edwards, J."]
[Black "Benjamin, R."]
[Result "1-0"]
[WhiteElo "2430"]
[BlackElo "2310"]
[PlyCount "93"]
[EventDate "1993.??.??"]
[Source "www.chesslib.no"]
[SourceDate "2004.05.04"]

1. e4 e5 2. Bc4 Nf6 3. d3 Nc6 4. Nc3 Bc5 5. f4 d6 6. Nf3 a6 7. fxe5 dxe5 8. Bg5 Qd6 9. Rf1 Na5 10. Bxf6 gxf6 11. Qd2 Nxc4 12. dxc4 Qxd2+ 13. Nxd2 Be6 14. Nd5 O-O-O 15. Ke2 Rhg8 16. g3 c6 17. Nb3 Ba7 18. Ne7+ Kc7 19. Nxg8 Bxc4+ 20. Kf3 Bxf1 21. Rxf1 Rxg8 22. Ke2 Rg6 23. Rf5 Kd7 24. Nd2 Bc5 25. Nf3 Bf8 26. Nh4 Rh6 27. Kf3 Rg6 28. Ke2 Rg4 29. Kd3 Ke6 30. Rh5 h6 31. Nf5 Rg5 32. Rh4 Rxf5 33. exf5+ Kxf5 34. Rc4 Kg5 35. a4 f5 36. Ke2 Bd6 37. a5 f6 38. Rc3 e4 39. Rb3 f4 40. gxf4+ Bxf4 41. Rxb7 Bxh2 42. Rg7+ Kf4 43. Ra7 h5 44. Rxa6 h4 45. Rxc6 h3 46. Rc8 Bg1 47. Rh8 1-0

[Event "It Open"]
[Site "Pfalz"]
[Date "1990.??.??"]
[Round "?"]
[White "Katalymov, Boris N"]
[Black "Schlueter Wolfgang"]
[Result "0-1"]
[WhiteElo "2460"]
[BlackElo "2275"]
[PlyCount "50"]
[EventDate "1990.??.??"]
[Source "www.chesslib.no"]
[SourceDate "2004.05.04"]

1. f4 d6 2. e4 e5 3. d3 exf4 4. Bxf4 g6 5. Nc3 Bg7 6. Nf3 Ne7 7. Qd2 O-O 8. O-O-O Be6 9. Be2 a5 10. d4 d5 11. Ng5 dxe4 12. Nxe6 fxe6 13. Nxe4 Nf5 14. Bc4 Nxd4 15. c3 b5 16. Bxb5 Qd5 17. Bd3 Nf5 18. Kb1 Na6 19. Qe2 Nd4 20. Qd2 Nb4 21. c4 Qc6 22. Rhf1 Rab8 23. Rf2 Nxa2 24. Kxa2 Qa4+ 25. Kb1 Rxb2+ 0-1

[Event "Asian Cities 13th"]
[Site "Aden"]
[Date "2002.02.09"]
[Round "4"]
[White "Egorov, Evgeni"]
[Black "Tedy, Sukirman"]
[Result "1-0"]
[WhiteElo "2418"]
[BlackElo "2303"]
[PlyCount "55"]
[EventDate "2002.02.07"]
[Source "ChessBase"]
[SourceDate "2002.03.14"]

1. e4 e5 2. Nc3 Bc5 3. Bc4 Nf6 4. d3 Nc6 5. f4 d6 6. Nf3 Bg4 7. Na4 Bb6 8. Nxb6 axb6 9. O-O O-O 10. c3 d5 11. exd5 Nxd5 12. h3 Bxf3 13. Qxf3 Nxf4 14. Bxf4 exf4 15. Qxf4 Qd7 16. d4 Rae8 17. Rf3 Kh8 18. Bxf7 Qe7 19. Raf1 Ra8 20. Qg3 Rad8 21. Bc4 Rf6 22. Rxf6 gxf6 23. Re1 Qg7 24. Qf3 Rf8 25. Bd5 Qg5 26. Bxc6 bxc6 27. Qxc6 Qd2 28. Rf1 1-0

[Event "Oberliga 9900"]
[Site "Bayern"]
[Date "2000.??.??"]
[Round "?"]
[White "Sandor, Christian"]
[Black "Wall, Gavin"]
[Result "0-1"]
[WhiteElo "2350"]
[BlackElo "2369"]
[PlyCount "84"]
[EventDate "1999.??.??"]
[Source "www.chesslib.no"]
[SourceDate "2004.05.04"]

1. e4 e5 2. f4 Nc6 3. Nf3 f5 4. exf5 e4 5. Ne5 Nf6 6. Bb5 Qe7 7. Bxc6 dxc6 8. d4 Bxf5 9. O-O O-O-O 10. c3 c5 11. Qa4 a6 12. Na3 Qe6 13. Nc2 Nd5 14. Be3 h5 15. Qc4 Nxe3 16. Nxe3 Qxc4 17. N5xc4 Be6 18. d5 Bxd5 19. Nxd5 Rxd5 20. Rae1 b5 21. Ne5 c4 22. Rxe4 Bc5+ 23. Kh1 Rd2 24. b4 Bf2 25. a4 Rhd8 26. g3 Rc2 27. axb5 axb5 28. Nf3 Rd3 29. Kg2 Bd4+ 30. Kh3 Bxc3 31. Kh4 Rd5 32. h3 Bxb4 33. Ne5 Bd6 34. Kxh5 c3 35. Kg6 Rg2 36. g4 c2 37. Ree1 b4 38. Nc4 b3 39. Ne3 Rdd2 40. Nxg2 Rxg2 41. Re8+ Kd7 42. Rb8 Rg3 0-1

[Event "Corr"]
[Site "?"]
[Date "2000.10.15"]
[Round "?"]
[White "Buessing Olaf (GER)"]
[Black "Haraldsson Haraldur (ISL)"]
[Result "1/2-1/2"]
[WhiteElo "2371"]
[BlackElo "2340"]
[PlyCount "66"]
[EventDate "2000.??.??"]
[Source "www.chesslib.no"]
[SourceDate "2004.05.04"]

1. e4 e5 2. f4 d6 3. Nf3 exf4 4. Bc4 h6 5. d3 g5 6. g3 g4 7. Nd4 f3 8. c3 Nf6 9. Qb3 Qe7 10. O-O c6 11. Na3 Nh7 12. Bf4 Ng5 13. Bxg5 hxg5 14. Rae1 Nd7 15. Nf5 Qf6 16. d4 Nb6 17. Nc2 d5 18. Bd3 dxe4 19. Rxe4+ Be6 20. Nfe3 O-O-O 21. Rxe6 fxe6 22. Nxg4 Qe7 23. Ne5 Rh6 24. Ne3 Bg7 25. N3g4 Bxe5 26. Nxh6 Bg7 27. Ng4 e5 28. Bf5+ Kb8 29. dxe5 Qc5+ 30. Kh1 Bxe5 31. Be4 Nc4 32. Nxe5 Nxe5 33. Bxf3 Qe3 1/2-1/2

[Event "Panamerican-ch U18"]
[Site "Bento Goncalves"]
[Date "2000.??.??"]
[Round "5"]
[White "Zaremba, Andrie"]
[Black "Flores, Diego"]
[Result "0-1"]
[WhiteElo "2337"]
[BlackElo "2373"]
[PlyCount "70"]
[EventDate "2000.??.??"]
[Source "www.chesslib.no"]
[SourceDate "2004.05.04"]

1. e4 e5 2. Bc4 Nf6 3. d3 Bc5 4. Nc3 Nc6 5. f4 d6 6. Nf3 Na5 7. Bb3 Nxb3 8. axb3 a6 9. Qe2 Bg4 10. h3 Nh5 11. hxg4 Ng3 12. Qd2 Nxh1 13. Ne2 h5 14. g5 h4 15. fxe5 dxe5 16. Nxe5 Qe7 17. Nf3 Ng3 18. Qf4 O-O-O 19. Nxh4 Nxe2 20. Kxe2 Qd6 21. Qxd6 Bxd6 22. Nf3 Rh1 23. Ne1 f5 24. gxf6 gxf6 25. Be3 Rg8 26. Rd1 Kd7 27. Bf2 Ke6 28. d4 Rg4 29. Kf3 Rf4+ 30. Ke3 Rf1 31. e5 fxe5 32. Bg3 exd4+ 33. Ke2 Rf7 34. Bh4 c5 35. Rd3 R7f4 0-1

[Event "Decin op"]
[Site "Decin"]
[Date "1996.??.??"]
[Round "5"]
[White "Mirumian, Vigen"]
[Black "Havranek, Miroslav"]
[Result "1/2-1/2"]
[WhiteElo "2430"]
[BlackElo "2280"]
[PlyCount "100"]
[EventDate "1996.??.??"]
[Source "ChessBase"]

1. e4 e5 2. Nc3 Nc6 3. Bc4 Nf6 4. d3 Bc5 5. f4 d6 6. Nf3 a6 7. f5 h6 8. Qe2 Na5 9. Be3 Bxe3 10. Qxe3 Nxc4 11. dxc4 b6 12. O-O Bb7 13. a4 a5 14. Rad1 Qe7 15. b3 O-O 16. h3 Nh5 17. Ne2 Nf4 18. Rde1 g5 19. Nc3 f6 20. Kf2 Rf7 21. Rh1 Rh7 22. g3 Nh5 23. h4 Kg7 24. Qe2 Qf7 25. Rh2 g4 26. Nd2 Rg8 27. Qe3 Kh8 28. Kg1 Ng7 29. Nd5 h5 30. c3 Ra8 31. Ra1 Bc6 32. Nb1 Ne8 33. Rha2 Qd7 34. Nd2 Ra6 35. b4 Ba8 36. Nb3 Kg7 37. Qd3 Ra7 38. bxa5 bxa5 39. c5 Kf8 40. c4 Qc6 41. Kh2 Qa6 42. Rd2 Rf7 43. Rc1 Bxd5 44. cxd5 Qxd3 45. Rxd3 dxc5 46. Nxc5 Nd6 47. Rb3 Ke7 48. Rb8 Rf8 49. Rxf8 Kxf8 50. Rb1 Ra8 1/2-1/2

[Event "Kharkov Caissa op"]
[Site "Kharkov"]
[Date "2000.03.01"]
[Round "8"]
[White "Miroshnichenko, Evgenij"]
[Black "Karlovich, Anastazia"]
[Result "1-0"]
[WhiteElo "2465"]
[BlackElo "2242"]
[PlyCount "51"]
[EventDate "2000.01.27"]
[Source "www.chesslib.no"]
[SourceDate "2004.05.04"]

1. e4 e5 2. Bc4 Bc5 3. f4 d6 4. Nf3 Nc6 5. Nc3 Nf6 6. d3 a6 7. f5 Na5 8. Bg5 c6 9. a3 Nxc4 10. dxc4 b5 11. Qd3 Qb6 12. b4 Bf2+ 13. Kf1 Bd4 14. Rd1 bxc4 15. Qxc4 Bxc3 16. Bxf6 gxf6 17. Qxc3 Ke7 18. g4 a5 19. g5 Ba6+ 20. Kg2 Rhg8 21. bxa5 Qb5 22. Rd2 fxg5 23. Rhd1 Rad8 24. a4 Qxa4 25. f6+ Kf8 26. Qxe5 1-0

[Event "III Memorial E.Geller - Open A"]
[Site "Odessa UCR"]
[Date "2007.09.08"]
[Round "1"]
[White "Zubarev, Alexander"]
[Black "Kutsykh, Mikle"]
[Result "1-0"]
[WhiteElo "2504"]
[BlackElo "2202"]
[PlyCount "75"]
[EventDate "2007.09.08"]
[Source "www.chesslib.no"]
[SourceDate "2004.05.04"]

1. e4 e5 2. Bc4 Nf6 3. d3 Bc5 4. Nc3 Nc6 5. f4 d6 6. Nf3 a6 7. Nd5 h6 8. c3 Be6 9. Nxf6+ Qxf6 10. f5 Bxc4 11. dxc4 g6 12. fxg6 Qxg6 13. Qe2 Ne7 14. Nh4 Qe6 15. Rf1 O-O-O 16. Bd2 c6 17. O-O-O b5 18. Rf3 bxc4 19. Rdf1 Qg4 20. g3 d5 21. exd5 cxd5 22. Qxe5 Ng6 23. Nxg6 Rhe8 24. Qg7 Qxg6 25. Rxf7 Qxg7 26. Rxg7 Rd7 27. Rxd7 Kxd7 28. Rf5 Ke6 29. Rh5 Rf8 30. Bf4 a5 31. a4 Rxf4 32. gxf4 Be3+ 33. Kc2 Bxf4 34. b3 cxb3+ 35. Kxb3 Bg5 36. h4 Bd2 37. Kc2 Bf4 38. Kd3 1-0

[Event "CZE Team Ch 9596"]
[Site "Czech Republic"]
[Date "1996.??.??"]
[Round "1"]
[White "Zvara, Petr"]
[Black "Biolek, Richard"]
[Result "0-1"]
[WhiteElo "2310"]
[BlackElo "2395"]
[PlyCount "76"]
[EventDate "1995.??.??"]
[Source "www.chesslib.no"]
[SourceDate "2004.05.04"]

1. e4 e5 2. Bc4 Nf6 3. d3 Nc6 4. Nc3 Bc5 5. f4 d6 6. Nf3 a6 7. fxe5 dxe5 8. Bg5 h6 9. Bh4 Qd6 10. Rf1 O-O 11. Qd2 Ng4 12. Nd5 Be6 13. h3 Bxd5 14. exd5 Ne3 15. dxc6 e4 16. dxe4 Nxc4 17. Qxd6 cxd6 18. cxb7 Rab8 19. Bf2 Nxb2 20. Bxc5 dxc5 21. Rb1 Rxb7 22. Ke2 Rb4 23. Nd2 Rd8 24. Rf5 Nc4 25. Nb3 Na3 26. Rc1 c4 27. Nc5 Rb2 28. Rd5 Re8 29. Kf3 Rxa2 30. Rcd1 Nxc2 31. Rd8 Ne1+ 32. Kf4 g5+ 33. Kg4 Rxg2+ 34. Kh5 Rxd8 35. Rxd8+ Kg7 36. h4 Nf3 37. Rd7 Rh2 38. Kg4 Ne5+ 0-1

[Event "Russian Winter Open"]
[Site "Moscow RUS"]
[Date "1991.??.??"]
[Round "?"]
[White "Frog, Ilya"]
[Black "Ivanov, Victor L"]
[Result "1-0"]
[WhiteElo "2390"]
[BlackElo "2315"]
[PlyCount "137"]
[EventDate "1991.??.??"]
[Source "www.chesslib.no"]
[SourceDate "2004.05.04"]

1. e4 e5 2. Nc3 Nc6 3. Bc4 Nf6 4. f4 Bc5 5. Nf3 d6 6. d3 a6 7. f5 Na5 8. Bg5 c6 9. a3 Nxc4 10. dxc4 b5 11. Qd3 bxc4 12. Qxc4 Qb6 13. O-O-O O-O 14. Na4 Qb5 15. Qxb5 cxb5 16. Bxf6 gxf6 17. Nc3 Bb7 18. b4 Be3+ 19. Kb2 Rfd8 20. Nd5 Bxd5 21. Rxd5 Rac8 22. Re1 Bb6 23. Red1 Rc6 24. R1d3 Kf8 25. Nd2 Ke7 26. Kb3 Rdc8 27. c3 Bf2 28. Rf3 Bg1 29. h3 h5 30. Rdd3 h4 31. a4 bxa4+ 32. Kxa4 Bh2 33. Kb3 Bf4 34. Rf2 R6c7 35. Nb1 Bg3 36. Re2 Bf4 37. Na3 Bc1 38. Nc2 Bf4 39. Ne1 Rc6 40. Nf3 Bg3 41. Rc2 Rb8 42. Rd5 Kd7 43. Nd2 Be1 44. Nb1 Rbc8 45. Rd1 Bg3 46. c4 Bf4 47. Rd3 Bh2 48. Rd1 Ke8 49. Na3 Bf4 50. Re1 Ke7 51. Ree2 Kd7 52. Ka4 Ke7 53. Ka5 Kd7 54. Ka4 Ke7 55. Kb3 Kd7 56. b5 axb5 57. cxb5 Rxc2 58. Rxc2 Be3 59. Rxc8 Kxc8 60. Kc4 Kc7 61. Kd5 Bf2 62. Nc4 Bc5 63. b6+ Bxb6 64. Nxb6 Kxb6 65. Kxd6 Kb5 66. Ke7 Kc5 67. Kxf7 Kd4 68. Kxf6 Kxe4 69. Kg6 1-0

[Event "Petrov mem"]
[Site "St Petersburg"]
[Date "1998.??.??"]
[Round "6"]
[White "Chehlov, Aleksander"]
[Black "Orlov, Andrey"]
[Result "1/2-1/2"]
[WhiteElo "2290"]
[BlackElo "2410"]
[PlyCount "59"]
[EventDate "1998.??.??"]
[Source "www.chesslib.no"]
[SourceDate "2004.05.04"]

1. e4 Nc6 2. Nc3 e5 3. Bc4 Bc5 4. d3 d6 5. f4 Nf6 6. Nf3 a6 7. f5 b5 8. Bb3 h6 9. Qe2 Bb7 10. Be3 Nd4 11. Bxd4 Bxd4 12. Nxd4 exd4 13. Nd1 O-O 14. Nf2 Re8 15. O-O c5 16. c3 dxc3 17. bxc3 c4 18. dxc4 Nxe4 19. Nxe4 Rxe4 20. Qf2 bxc4 21. Bc2 Rg4 22. g3 Qc7 23. h3 Qc6 24. Kh2 Rg5 25. Rae1 Re8 26. Rxe8+ Qxe8 27. Re1 Qc6 28. Be4 Qd7 29. Bc2 Qc6 30. Be4 1/2-1/2

[Event "BL2-W 9394"]
[Site "GER"]
[Date "1994.??.??"]
[Round "?"]
[White "Balzar, Andreas"]
[Black "Neidhardt, Claus-Ulrich"]
[Result "0-1"]
[WhiteElo "2330"]
[BlackElo "2370"]
[PlyCount "104"]
[EventDate "1993.10.??"]
[Source "www.chesslib.no"]
[SourceDate "2004.05.04"]

1. e4 e5 2. f4 Nc6 3. Nf3 f5 4. Nc3 fxe4 5. Nxe5 Nf6 6. Bc4 d5 7. Bb5 Bd7 8. d4 Bd6 9. Be3 O-O 10. Qd2 Ne7 11. Be2 a6 12. O-O-O b5 13. g4 b4 14. Nb1 Bb5 15. h4 Bxe2 16. Qxe2 Qe8 17. c4 dxc4 18. Qxc4+ Nfd5 19. f5 Qb5 20. Bg5 Qxc4+ 21. Nxc4 Nc6 22. Nbd2 h6 23. Be3 Nxe3 24. Nxe3 Nxd4 25. Kb1 Rae8 26. Ndc4 Bc5 27. Rd2 h5 28. Rhd1 Nf3 29. Rd7 Re7 30. gxh5 Nxh4 31. Rxe7 Bxe7 32. Rd7 Bg5 33. Rd5 Kh7 34. Kc2 Kh6 35. Kb3 Kxh5 36. Kxb4 Bxe3 37. Nxe3 Kg5 38. Rd7 Nxf5 39. Nxf5 Rxf5 40. Rxg7+ Kf4 41. Kc3 Rd5 42. Rxc7 e3 43. Rf7+ Kg3 44. Rg7+ Kf2 45. Rf7+ Ke1 46. Kc2 e2 47. b3 Rc5+ 48. Kb2 Kd2 49. Rd7+ Ke3 50. Re7+ Kd3 51. Re8 Rf5 52. Re7 Rf4 0-1

[Event "Corr"]
[Site "?"]
[Date "2000.10.01"]
[Round "?"]
[White "Langschmidt Dirk"]
[Black "Masek Jan"]
[Result "0-1"]
[WhiteElo "2312"]
[BlackElo "2382"]
[PlyCount "44"]
[EventDate "2000.??.??"]
[Source "www.chesslib.no"]
[SourceDate "2004.05.04"]

1. e4 e5 2. f4 Nc6 3. Nf3 f5 4. exf5 e4 5. Ne5 Nxe5 6. fxe5 Qe7 7. Qh5+ Kd8 8. Bc4 Qxe5 9. Bxg8 g6 10. Qh3 Rxg8 11. Qxh7 Rh8 12. Qxg6 d5 13. Rf1 Rxh2 14. Nc3 Bd7 15. Ne2 Bb5 16. f6 Kd7 17. Qg4+ Kc6 18. Rb1 Bd6 19. b3 Bxe2 20. Kxe2 Rah8 21. f7 d4 22. Kd1 Rh1 0-1

[Event "Bad Woerishofen op 17th"]
[Site "?"]
[Date "2001.??.??"]
[Round "2"]
[White "Maahs Erich"]
[Black "Jenni Florian"]
[Result "0-1"]
[WhiteElo "2199"]
[BlackElo "2493"]
[PlyCount "60"]
[EventDate "2001.??.??"]
[Source "www.chesslib.no"]
[SourceDate "2004.05.04"]

1. e4 e5 2. f4 Nc6 3. Nf3 f5 4. d3 d6 5. Nc3 Nf6 6. Be2 Be7 7. O-O O-O 8. a3 Kh8 9. Kh1 fxe4 10. dxe4 exf4 11. Nd4 g5 12. Nxc6 bxc6 13. b4 Nd7 14. Bb2 Bf6 15. Qd2 Be5 16. Nd1 Qf6 17. c4 Bxb2 18. Nxb2 Ne5 19. Rac1 Be6 20. c5 d5 21. exd5 Bxd5 22. Nc4 Rad8 23. Qc3 Nxc4 24. Bxc4 Qxc3 25. Rxc3 Rfe8 26. h4 h6 27. Kg1 Bxc4 28. Rxc4 Re3 29. a4 Rd2 30. Rf2 Re1+ 0-1